Hodnotenie bonity retailového klienta bakalárska práca

Guardado en:
Detalles Bibliográficos
Autor principal: Jurčová, Ester
Autor Corporativo: Národohospodárska fakulta EU. Katedra bankovníctva a medzinárodných financií
Otros Autores: Pilch, Ctibor, 1957-
Formato: Libro
Lenguaje:eslovaco
Publicado: Bratislava 2021
Etiquetas: Agregar Etiqueta
Sin Etiquetas, Sea el primero en etiquetar este registro!

MARC

LEADER 00000nbm a2200000 4500
001 0275109
005 20220110113736.1
041 0 |a slo 
044 |a SK 
245 1 0 |a Hodnotenie bonity retailového klienta  |b bakalárska práca  |c Ester Jurčová ; školiteľ: Ctibor Pilch 
264 1 |a Bratislava  |c 2021 
300 |a 46 s. 
100 1 |a Jurčová, Ester 
700 1 |a Pilch, Ctibor, 1957- 
710 2 |a Národohospodárska fakulta EU. Katedra bankovníctva a medzinárodných financií